书目信息 |
| 题名: |
体育健康教育与运动处方
|
|
| 作者: | 凌月红 著 | |
| 分册: | ||
| 出版信息: | 北京 北京体育大学出版社 2004 |
|
| 页数: | 261页 | |
| 开本: | 21cm | |
| 丛书名: | ||
| 单 册: | ||
| 中图分类: | G804.3 | |
| 科图分类: | ||
| 主题词: | 体育保健学 , 运动疗法 | |
| 电子资源: | ||
| ISBN: | 7-81100-140-3 | |
| 000 | 00772nam0 2200229 450 | |
| 001 | 002684353 | |
| 005 | 20061115081926.79 | |
| 010 | @a7-81100-140-3@dCNY18.00 | |
| 100 | @a20040719d2004 em y0chiy0110 ea | |
| 101 | 0 | @achi |
| 102 | @aCN@b110000 | |
| 105 | @aa z 000yy | |
| 200 | 1 | @a体育健康教育与运动处方@9ti yu jian kang jiao yu yu yun dong chu fang@f凌月红著 |
| 210 | @a北京@c北京体育大学出版社@d2004 | |
| 215 | @a261页@c照片@d21cm | |
| 330 | @a本书共十一章,分别阐述了体育健康教育的精髓、健康教育与人体的基本结构和功能、健康教育与心理健康、健康教育与学生常见病等内容。 | |
| 606 | 0 | @a体育保健学 |
| 606 | 0 | @a运动疗法 |
| 690 | @aG804.3@v4 | |
| 701 | 0 | @a凌月红@9ling yue hong@c(女,@f1965.11~)@4著 |
| 801 | 0 | @aCN@bNLC@c20061115 |
| 905 | @a10447@dG804.3@e214 | |
| 体育健康教育与运动处方/凌月红著.-北京:北京体育大学出版社,2004 |
| 261页:照片;21cm |
| ISBN 7-81100-140-3:CNY18.00 |
| 本书共十一章,分别阐述了体育健康教育的精髓、健康教育与人体的基本结构和功能、健康教育与心理健康、健康教育与学生常见病等内容。 |
| ● |
| 相关链接 |
|
|
|
|
正题名:体育健康教育与运动处方
索取号:G804.3/214
 
预约/预借
| 序号 | 登录号 | 条形码 | 馆藏地/架位号 | 状态 | 备注 |
| 1 | 0383008 | 203830088 | 第一样本阅览室/ [索取号:G804.3/214] | 在馆 | |
| 2 | 0383009 | 203830097 | 第四借阅区/ [索取号:G804.3/214] | 在馆 | |
| 3 | 0383010 | 203830104 | 第四借阅区/ [索取号:G804.3/214] | 在馆 | |
| 4 | 0383011 | 203830113 | 第四借阅区/ [索取号:G804.3/214] | 在馆 | |
| 5 | 0383012 | 203830122 | 第四借阅区/ [索取号:G804.3/214] | 在馆 |